Composition - Finale LDC 2024 : Real Madrid - Borussia Dortmund - Statistiques

Statistiques générales
  • Ce quiz a été pris 1 229 fois
  • Le résultat moyen est 22 sur 32
Statistiques - réponses
Joueurs % Correct
Thibaut Courtois
99%
Vinicius Junior
97%
Daniel Carvajal
94%
Rodrygo Goes
94%
Antonio Rüdiger
93%
Ferland Mendy
93%
Toni Kroos
93%
Luka Modric
92%
Eduardo Camavinga
91%
Jude Bellingham
90%
Eder Militao
84%
Federico Valverde
79%
Gregor Kobel
76%
Karim Adeyemi
75%
Carlo Ancelotti
73%
Mats Hummels
70%
Nacho Fernandez
69%
Joselu Mato
68%
Marco Reus
64%
Niclas Füllkrug
59%
Emre Can
57%
Jadon Sancho
56%
Julian Brandt
52%
Lucas Vazquez
52%
Nico Schlotterbeck
51%
Marcel Sabitzer
42%
Ian Maatsen
41%
Julian Ryerson
40%
Sébastien Haller
34%
Donyell Malen
31%
Jamie Bynoe-Gittens
29%
Edin Terzic
23%
Aucun quiz correspondant
Distribution des résultats
% des personnes avec chaque résultat
Percentile par nombre de réponses
Votre historique - résultats
Vous n’avez pas pris ce quiz